000 00858nam a22002297a 4500
003 UA-OsUOA
001 37931
007 ta
008 20070605b un ||||| |||| 00| 0 ukr d
100 _aСрібняк І.
090 _a94(477).155
_bС75
942 _cBK
040 _aUA-OsUOA
_bukr
_cUA-OsUOA
_dUA-OsUOA
245 _aУкраїнці на чужині. Полонені та інтерновані вояки-українці в країнах Центральної та Південно-Східної Європи
_bстановище, організація, культурно-просівтницька діяльність (1919-1924)
300 _a323 с.
955 _a1
041 _aukr
080 _a94(477).155
260 _aКиїв
_c2000
650 7 _a9 Географія. Біографії. Історія
_2UDC
999 _c436456
_d436456